000 00836cam a2200205 i 4500
005 20251230085451.0
008 250721s2013 jo gr 000 0 ara d
082 1 4 _a218.811
_bف ر ا
100 1 _aفراعنة، حمادة يوسف
_eمؤلف.
245 1 2 _aالإخوان المسلمون ودورهم السياسي /
_cحمادة يوسف فراعنة.
250 _aالطبعة الاولى.
264 3 1 _aعمان :
_bدار الجليل للنشر والدراسات و الابحاث الفلسطينية،
_c2013.
300 _a218 صفحة.
490 0 _aمن اجل وطن عربي ديمقراطي ؛
_vرقم 4.
650 1 7 _aالجماعات السياسية.
650 1 7 _aالاخوان المسلمون.
650 1 7 _aالحركات الاسلامية.
942 _2ddc
_cBK
999 _c129498
_d129498